000 01059nam a2200313 i 4500
001 bg
003 BPK
005 20191028153153.0
008 040519s1976 pl a f f |000 0 pol
015 _aPB 1976/5178
040 _cBPK
041 0 _apol
080 _a62
080 _a51
080 _a53
080 _a(083.1)
245 0 0 _aMały poradnik mechanika :
_bnauki matematyczno-fizyczne i ogólnotechniczne : praca zbiorowa /
_c[aut. Zdzisław Bańkowski et al.].
250 _aWyd. 14 całkowicie przer.
260 _aWarszawa :
_bWydawnictwa Naukowo-Techniczne,
_c1976.
300 _aVIII, [4], 1119, [1] s., [1] k. tabl. :
_bil., tab., wykr. ;
_c22 cm.
504 _aBibliogr. przy rozdz.
650 4 _aMatematyka
650 4 _aFizyka
655 4 _aPoradnik
710 2 _aWydawnictwa Naukowo-Techniczne
_4pbl.
700 1 _aBańkowski, Zdzisław
_c(nauki techniczne)
_eAutor
856 _uhttp://koha.tu.koszalin.pl/cgi-bin/koha/opac-detail.pl?biblionumber=4965
_yKatalog online BPK
942 _2UKD
_cKS
999 _c4965
_d4965